Minecraft. #10 / written by Sfé R. Monster ; art ... Read More
Available copies
- 2 of 3 copies available at LARL/NWRL Consortium. (Show)
- 1 of 2 copies available at Lake Agassiz Regional Library.
Current holds
0 current holds with 3 total copies.
Show Only Available Copies
| Location | Call Number / Copy Notes | Barcode | Shelving Location | Status | Due Date |
|---|---|---|---|---|---|
| Detroit Lakes Public Library | J G MON (Text) | 33500013972971 | Main | Checked out | 06/03/2026 |
| Fosston Public Library | J G MON (Text) | 33500013972963 | Main | Available | - |
Record details
- ISBN: 9781098253899
- ISBN: 1098253892
- Physical Description: 1 volume (unpaged) : chiefly color illustrations ; ... Read More
- Edition: Reinforced library bound edition.
- Publisher: Minneapolis, Minnesota : Spotlight, a division of ABDO, 2024.
Content descriptions
| Summary, etc.: | "While exploring a portal in Minecraft and running ... Read More |
Search for related items by subject
| Genre: | Fantasy comics. Graphic novels. |
Search for related items by series
| LDR | 02405cam a2200589 i 4500 | ||
|---|---|---|---|
| 001 | 430489 | ||
| 003 | LARL_NWRL_CONSORTIUM | ||
| 005 | 20240125185835.0 | ||
| 008 | 240118s2024 mnua c 6 000 0 eng d | ||
| 040 | . | ‡aIFJ ‡beng ‡erda ‡cIFJ ‡dIFJ ‡dUUC ‡dOCLCO | |
| 020 | . | ‡a9781098253899 ‡qlib. bdg. | |
| 020 | . | ‡a1098253892 ‡qlib. bdg. | |
| 035 | . | ‡a(OCoLC)1417472781 | |
| 082 | 0 | 4. | ‡a741.5/971 ‡223 |
| 100 | 1 | . | ‡aMonster, Sfé R., ‡eauthor. |
| 245 | 1 | 0. | ‡aMinecraft. ‡p#10 / ‡cwritten by Sfé R. Monster ; art and cover by Sarah Graley ; color assistance by Stef Purenins ; lettered by John J. Hill. |
| 250 | . | ‡aReinforced library bound edition. | |
| 264 | 1. | ‡aMinneapolis, Minnesota : ‡bSpotlight, a division of ABDO, ‡c2024. | |
| 300 | . | ‡a1 volume (unpaged) : ‡bchiefly color illustrations ; ‡c24 cm | |
| 336 | . | ‡atext ‡btxt ‡2rdacontent | |
| 336 | . | ‡astill image ‡bsti ‡2rdacontent | |
| 337 | . | ‡aunmediated ‡bn ‡2rdamedia | |
| 338 | . | ‡avolume ‡bnc ‡2rdacarrier | |
| 490 | 0 | . | ‡aMinecraft graphic novel ; ‡v10 |
| 520 | . | ‡a"While exploring a portal in Minecraft and running into piglins, Grace gets overwhelmed by the group's dependence on her"--Amazon. | |
| 650 | 0. | ‡aMinecraft (Game) ‡vComic books, strips, etc. | |
| 650 | 0. | ‡aMinecraft (Game) ‡vJuvenile fiction. | |
| 650 | 0. | ‡aVideo games ‡vComic books, strips, etc. | |
| 650 | 0. | ‡aVideo games ‡vJuvenile fiction. | |
| 650 | 0. | ‡aFriendship ‡vComic books, strips, etc. | |
| 650 | 0. | ‡aFriendship ‡vJuvenile fiction. ‡0(LARL_NWRL_CONSORTIUM)164914 | |
| 650 | 0. | ‡aQuests (Expeditions) ‡vComic books, strips, etc. | |
| 650 | 0. | ‡aQuests (Expeditions) ‡vJuvenile fiction. | |
| 650 | 0. | ‡aFantasy comic books, strips, etc. ‡0(LARL_NWRL_CONSORTIUM)41178 | |
| 650 | 1. | ‡aGraphic novels. ‡0(LARL_NWRL_CONSORTIUM)40036 | |
| 650 | 1. | ‡aMinecraft (Game) ‡vFiction. | |
| 650 | 1. | ‡aVideo games ‡vFiction. | |
| 650 | 1. | ‡aFriendship ‡vFiction. ‡0(LARL_NWRL_CONSORTIUM)164944 | |
| 650 | 1. | ‡aQuests (Expeditions) ‡vFiction. ‡0(LARL_NWRL_CONSORTIUM)166982 | |
| 650 | 1. | ‡aFantasy. ‡0(LARL_NWRL_CONSORTIUM)19981 | |
| 655 | 7. | ‡aFantasy comics. ‡2lcgft | |
| 655 | 7. | ‡aGraphic novels. ‡2lcgft | |
| 700 | 1 | . | ‡aGraley, Sarah, ‡eartist. |
| 700 | 1 | . | ‡aPurenins, Stef, ‡eartist. |
| 700 | 1 | . | ‡aHill, John J. ‡c(Letterer), ‡eletterer. |
| 901 | . | ‡a430489 ‡bAUTOGEN ‡c430489 ‡tbiblio | |

Add to basket
Permalink
Disable Highlighting